[Event "It B"]
[Site "Paretana ESP"]
[Date "2000.01.04"]
[Round "7"]
[White "Pinero Fernandez,X"]
[Black "Campos Moreno,J"]
[Result "0-1"]
[WhiteElo "2162"]
[BlackElo "2484"]

1.e4 c5 2.Nc3 Nc6 3.Nf3 d6 4.d4 cxd4 5.Nxd4 Nf6 6.Be2 e5 7.Nb3 Be7 8.Be3 O-O
9.O-O a5 10.a4 Nb4 11.f4 Be6 12.Bf3 exf4 13.Bxf4 Nxc2 14.Qxc2 Qb6+ 15.Qf2 Qxf2+
16.Rxf2 Bxb3 17.Rd2 Rfd8 18.Nb5 d5 19.Nc7 Rac8 20.exd5 Bb4 21.Rad1 Bxa4 22.d6 Bxd2
23.Rxd2 Bc6 24.Bxc6 bxc6 25.h3 Rb8 26.Rc2 Rb6 27.Rc5 h6 28.Rxa5 Ne4 29.Na8 Re8
30.d7 Rd8 31.Bc7 Rbb8 32.Rd5 Nf6 33.Bxd8 Rxd8 34.Rc5 Rxd7 35.Rxc6 Rd1+ 36.Kh2 Rd2
37.Rb6 h5 38.Rb8+ Kh7 39.Rb7 h4 40.b4 Rb2 41.Rxf7 Rxb4  0-1

[Event "Hilton Open"]
[Site "Basel SUI"]
[Date "2000.01.05"]
[Round "7"]
[White "Xheladini,M"]
[Black "Milosevic,G"]
[Result "0-1"]
[WhiteElo "2268"]
[BlackElo "2330"]

1.e4 c5 2.Nc3 Nc6 3.Nf3 g6 4.Bc4 Bg7 5.O-O e6 6.Re1 d6 7.d3 Nge7 8.Bf4 a6
9.a4 O-O 10.Qd2 Nd4 11.Nxd4 cxd4 12.Ne2 Nc6 13.Bh6 Qb6 14.Kh1 Bd7 15.Bxg7 Kxg7
16.Ng3 f6 17.a5 Qc5 18.Reb1 Ne5 19.b4 Nxc4 20.bxc5 Nxd2 21.Rxb7 Rf7 22.cxd6 Rc8
23.Rb2 Bb5 24.Rd1 Nc4 25.dxc4 Rxc4 26.Nf1 e5 27.Nd2 Rc5 28.Nb1 Rd7 29.Na3 Be2
30.Re1 Rxa5 31.Rb3 Bb5 32.Reb1 Rxd6 33.f4 Rc6 34.fxe5 fxe5 35.Nxb5 Rxb5 36.Rxb5 axb5
37.Rxb5 d3 38.c3 d2  0-1

[Event "Premier"]
[Site "Hastings ENG"]
[Date "2000.01.07"]
[Round "4"]
[White "Chandler,M"]
[Black "Krush,I"]
[Result "1/2-1/2"]
[WhiteElo "2527"]
[BlackElo "2399"]

1.e4 c5 2.Nc3 Nc6 3.Nf3 e5 4.Bc4 Be7 5.d3 d6 6.O-O Nf6 7.Ng5 O-O 8.f4 exf4
9.Bxf4 h6 10.Nf3 Be6 11.Nd5 Bxd5 12.Bxd5 Nxd5 13.exd5 Ne5 14.Qd2 Nxf3+ 15.Rxf3 Bg5
16.Raf1 Bxf4 17.Qxf4 Qd7 18.Rg3 Kh7 19.b4 b6 20.bxc5 bxc5 21.c4 Rae8 22.d4 cxd4
23.Qxd4 f6 24.h3  1/2-1/2

[Event "VII Anibal Open"]
[Site "Linares ESP"]
[Date "2000.01.07"]
[Round "1"]
[White "Rodriguez Guerrero,E"]
[Black "Campos Moreno,J"]
[Result "0-1"]
[WhiteElo "2123"]
[BlackElo "2484"]

1.e4 c5 2.Nf3 Nc6 3.Nc3 d6 4.d4 cxd4 5.Nxd4 Nf6 6.Bc4 e6 7.Be3 Be7 8.Qe2 a6
9.Bb3 Qc7 10.O-O-O Na5 11.g4 b5 12.g5 Nxb3+ 13.Nxb3 Nd7 14.h4 b4 15.Nb1 a5
16.f4 Bb7 17.Bf2 O-O 18.N1d2 Rfc8 19.Nf3 a4 20.Nbd4 a3 21.b3 Qc3 22.e5 Nc5
23.Be1 Nxb3+  0-1

[Event "VII Anibal Open"]
[Site "Linares ESP"]
[Date "2000.01.10"]
[Round "4"]
[White "Perez Candelario,M"]
[Black "Galego,L"]
[Result "1-0"]
[WhiteElo "2236"]
[BlackElo "2427"]

1.e4 c5 2.Nc3 Nc6 3.Bb5 Nd4 4.Bc4 e6 5.Nge2 Ne7 6.O-O a6 7.a4 Nec6 8.d3 Rb8
9.Nxd4 cxd4 10.Ne2 Be7 11.f4 O-O 12.Bb3 d5 13.exd5 exd5 14.f5 Bf6 15.Bf4 Ra8
16.g4 Re8 17.Qd2 h6 18.Ng3 Ne5 19.h3 Bd7 20.Nh5 Bc6 21.Bxh6 gxh6 22.Qxh6 Bh8
23.g5 Qe7 24.Nf6+ Bxf6 25.gxf6 Qf8 26.Qh5 Qd6 27.Qg5+ Ng6 28.fxg6 Re3 29.Rf4 Rxh3
30.gxf7+  1-0

[Event "Extraliga CZE"]
[Site "Ostrava CZE"]
[Date "2000.01.15"]
[Round "6"]
[White "Drbohlav,F"]
[Black "Sobek,J"]
[Result "1-0"]
[WhiteElo "2255"]
[BlackElo "2295"]

1.e4 c5 2.Nc3 Nc6 3.Nge2 Nf6 4.d4 e6 5.d5 exd5 6.exd5 Ne5 7.Ng3 d6 8.Bb5+ Bd7
9.Bxd7+ Qxd7 10.O-O Be7 11.a4 O-O 12.b3 Rfe8 13.Bb2 Bf8 14.h3 Ng6 15.Qd2 h6
16.Rfe1 Rxe1+ 17.Rxe1 Re8 18.Nge4 Nxe4 19.Nxe4 Re7 20.Ng3 a6 21.a5 Qe8 22.Rxe7 Qxe7
23.Qe2 Qxe2 24.Nxe2 f6 25.f3 Kf7 26.Kf2 f5 27.g4 Ne7 28.c4 g6 29.Nf4 fxg4
30.fxg4 Ng8 31.Ne6 Be7 32.Kg3 Nf6 33.Kf3 Nd7 34.Bc1 Ne5+ 35.Ke4 h5 36.gxh5 gxh5
37.Bf4 Ng6 38.Bg3 Nf8 39.Kf5 Nd7 40.Bf4 Nb8 41.Bg5 Nd7 42.Nf4 Ne5 43.Bxe7 Kxe7
44.Ng6+  1-0

[Event "V Ubeda Open"]
[Site "Ubeda ESP"]
[Date "2000.01.22"]
[Round "4"]
[White "Livshits,G"]
[Black "Sargissian,G"]
[Result "0-1"]
[WhiteElo "2185"]
[BlackElo "2442"]

1.e4 c5 2.Nc3 Nc6 3.Nf3 d6 4.d4 cxd4 5.Nxd4 Nf6 6.Bc4 Qb6 7.Nb3 e6 8.O-O a6
9.Bd3 Be7 10.Be3 Qc7 11.f4 h5 12.Kh1 h4 13.Be2 b5 14.Bf3 Bb7 15.Qe2 Rc8 16.a3 Nd7
17.Rad1 Na5 18.Nxa5 Qxa5 19.e5 Bxf3 20.Qxf3 dxe5 21.f5 Nf6 22.Qb7 Qc7 23.Qxa6 h3
24.Qxb5+ Kf8 25.fxe6 hxg2+ 26.Kxg2 Rb8 27.Qe2 Rxb2 28.Nd5 Rxc2 29.Nxc7 Rxe2+
30.Bf2 e4 31.Kg1 Ng4 32.exf7 Rxh2 33.Rd8+ Kxf7 34.Bg3+ Kg6 35.Bxh2 Bc5+  0-1

[Event "Corus Reserve Group"]
[Site "Wijk aan Zee NED"]
[Date "2000.01.22"]
[Round "2"]
[White "Bertholee,R"]
[Black "Burlage,P"]
[Result "1-0"]
[WhiteElo "2343"]
[BlackElo "2232"]

1.e4 c5 2.Nf3 Nc6 3.Nc3 d6 4.d4 cxd4 5.Nxd4 Nf6 6.Be2 e5 7.Nf3 h6 8.O-O Be7
9.b3 O-O 10.Bb2 a6 11.a4 Qc7 12.Re1 Bd8 13.Nd2 Nd4 14.Nc4 Be6 15.Bf1 Rc8
16.a5 Qd7 17.Qd2 Nh5 18.Na4 Bxc4 19.Bxc4 Rxc4 20.bxc4 Nf3+ 21.gxf3 Bg5 22.Qd3 Nf4
23.Qf1 f5 24.Nb6 Qe6 25.Nd5  1-0

[Event "Corus Reserve Group"]
[Site "Wijk aan Zee NED"]
[Date "2000.01.26"]
[Round "6"]
[White "Van den Berg,AMJ"]
[Black "Andonovski,L"]
[Result "1-0"]
[WhiteElo "2209"]
[BlackElo "2287"]

1.e4 c5 2.Nf3 Nc6 3.Nc3 e6 4.Bb5 Nge7 5.O-O a6 6.Bxc6 Nxc6 7.d4 cxd4 8.Nxd4 d6
9.Re1 Be7 10.Nxc6 bxc6 11.Qg4 Kf8 12.Qh5 h6 13.b3 Bf6 14.Bb2 Bd4 15.Rad1 e5
16.Rd3 Be6 17.Qd1 Qf6 18.Rf3 Qe7 19.h3 Kg8 20.Ba3 Bc5 21.Qc1 Kh7 22.Bxc5 dxc5
23.Qa3 Rhe8 24.Na4 c4 25.Qxe7 Rxe7 26.Rd1 f6 27.Rc3 cxb3 28.cxb3 Bd7 29.Nb6 Ra7
30.f3 a5 31.Rc5 Rb7 32.Nxd7 Rexd7 33.Rxd7 Rxd7 34.Rxa5 Rd2 35.b4 Kg6 36.Ra7 h5
37.h4 Kh6 38.Kh2 Rb2 39.a3 Ra2 40.a4 Rb2 41.Rb7 c5 42.b5 c4 43.a5 c3 44.b6 Ra2
45.Rc7 Rxa5 46.Rxc3 Rb5 47.Rc6 Rb2 48.Kg1 Kh7 49.Kf1 Kh6 50.g3 Kh7 51.Ke1 Rb3
52.Ke2 Kg6 53.Kd2 Rxf3 54.Rc3 Rf1 55.Rb3  1-0

[Event "Corus Reserve Group"]
[Site "Wijk aan Zee NED"]
[Date "2000.01.27"]
[Round "7"]
[White "Barendse,T"]
[Black "Floor,D"]
[Result "0-1"]
[WhiteElo "2198"]
[BlackElo "2278"]

1.e4 c5 2.Nc3 Nc6 3.Nge2 Nf6 4.d4 cxd4 5.Nxd4 d6 6.Bc4 e6 7.Be3 Be7 8.Qe2 a6
9.O-O-O Qc7 10.Bb3 O-O 11.g4 Nxd4 12.Rxd4 b5 13.g5 Nd7 14.h4 Nc5 15.h5 Bd7
16.g6 h6 17.gxf7+ Rxf7 18.Rg1 Kh8 19.Qd2 b4 20.Rxb4 Nxb3+ 21.Rxb3 Qa5 22.Rb7 Bc6
23.Rxe7 Rxe7 24.Qxd6 Qc7 25.Qc5 Be8 26.Qa3 Bxh5 27.Bb6 Qh2 28.f4 Qxf4+ 29.Kb1 Rf7
30.b3 Rc8 31.Bd4 Kh7 32.Qxa6 Rxc3 33.Bxc3 Qe3 34.Rxg7+ Rxg7 35.Bxg7 Qg1+  0-1

[Event "Corus Reserve Group"]
[Site "Wijk aan Zee NED"]
[Date "2000.01.28"]
[Round "8"]
[White "Van den Berg,AMJ"]
[Black "Keatinge Clay,A"]
[Result "0-1"]
[WhiteElo "2209"]
[BlackElo "2287"]

1.e4 c5 2.Nc3 Nc6 3.Nge2 Nf6 4.g3 g6 5.d4 cxd4 6.Nxd4 d6 7.Bg2 Bg4 8.f3 Bd7
9.Be3 Ne5 10.Bf2 Bh6 11.Qe2 Qc8 12.O-O Nc4 13.Nd5 Bg7 14.b3 Ne5 15.c4 Nxd5
16.exd5 O-O 17.a4 Bh3 18.Rac1 Bf6 19.Rfe1 Kg7 20.Ne6+ Bxe6 21.dxe6 g5 22.exf7 Rxf7
23.c5 Qf5 24.f4 gxf4 25.Bxb7 Rg8 26.Be4 Qh3 27.Bg2 Qxg2+ 28.Kxg2 f3+ 29.Qxf3 Nxf3
30.Kxf3 Bd4+  0-1

[Event "Corus B"]
[Site "Wijk aan Zee NED"]
[Date "2000.01.30"]
[Round "11"]
[White "Van der Wiel,J"]
[Black "Berkvens,J"]
[Result "1-0"]
[WhiteElo "2558"]
[BlackElo "2297"]

1.e4 c5 2.Nc3 Nc6 3.Nf3 d6 4.d4 cxd4 5.Nxd4 e6 6.Be3 Nf6 7.f4 Be7 8.Qf3 O-O
9.O-O-O Qc7 10.Be2 Bd7 11.g4 Nxd4 12.Bxd4 e5 13.fxe5 dxe5 14.Qg3 Bd6 15.Bf2 Rac8
16.Qd3 Bb4 17.g5 Bxc3 18.bxc3 Ng4 19.Be1 Be6 20.Qg3 Qe7 21.Rd3 Rfd8 22.h3 f5
23.exf5 Qa3+ 24.Kd1 e4 25.fxe6 exd3 26.Bxd3 Rxd3+ 27.cxd3 Qa4+ 28.Kc1 Qa3+
29.Kd1 Qa4+ 30.Kc1 Qa3+ 31.Kb1 Ne3 32.Qxe3 Rc5 33.Qd2 Rb5+ 34.Ka1 Re5 35.Bf2  1-0

[Event "5th HIT Open"]
[Site "Nova Gorica SLO"]
[Date "2000.02.04"]
[Round "4"]
[White "Fercec,N"]
[Black "Sveshnikov,E"]
[Result "0-1"]
[WhiteElo "2464"]
[BlackElo "2541"]

1.e4 c5 2.Nf3 Nc6 3.Nc3 e5 4.Bc4 Be7 5.d3 d6 6.Nd2 Nf6 7.Nf1 Bg4 8.f3 Be6
9.Ne3 O-O 10.O-O Ne8 11.Ncd5 Bg5 12.Bd2 Nc7 13.Nxc7 Bxe3+ 14.Bxe3 Qxc7 15.f4 exf4
16.Bxf4 Qd7 17.Bb5 d5 18.e5 a6 19.Bxc6 Qxc6 20.Qf3 f5 21.b3 b5 22.Rae1 a5
23.Re3 a4 24.Qh5 Kh8 25.Rfe1 axb3 26.axb3 Qe8 27.Qh4 Rf7 28.Rh3 Qg8 29.Qg5 d4
30.Rh4 Rfa7 31.Re2 Ra1+ 32.Kf2 Qf7 33.h3 Re8 34.Kg3 Ra6 35.Kh2 Ra2 36.Rd2 Ra6
37.Rf2 Kg8 38.Bg3 b4 39.Rh6 Qe7 40.Rxf5 Qxg5 41.Rxg5 Ra2 42.Bh4 Rxc2 43.Rg3 g6
44.Bf6 Bxb3 45.h4 Bf7  0-1

[Event "FSGM January"]
[Site "Budapest HUN"]
[Date "2000.02.05"]
[Round "1"]
[White "Fogarasi,T"]
[Black "Nguyen Anh Dung"]
[Result "1-0"]
[WhiteElo "2429"]
[BlackElo "2496"]

1.e4 c5 2.Nc3 Nc6 3.Nf3 Nf6 4.d4 cxd4 5.Nxd4 d6 6.Bg5 e6 7.Qd2 Be7 8.O-O-O O-O
9.f3 a6 10.h4 Nxd4 11.Qxd4 b5 12.Kb1 Qa5 13.e5 dxe5 14.Qxe5 Bb7 15.Bd3 Rac8
16.Ne4 Bxe4 17.Bxe4 Rc5 18.Qg3 Rfc8 19.Bd3 Nd5 20.Bxe7 Nxe7 21.Qe1 Qc7 22.Qe4 Nf5
23.g4 Re5 24.Qf4 Ne3 25.Rc1 Nd5 26.Qd4 b4 27.f4 Re3 28.f5 Qb7 29.fxe6 fxe6
30.g5 e5 31.Qg4 Nf4 32.Bf5 Rf8 33.Rhe1 Rxe1 34.Rxe1 Qd5 35.Be4 Qd4 36.Qd1 Qf2
37.h5 Kh8 38.h6 gxh6 39.gxh6 Rg8 40.Rh1 Qd4 41.Qxd4 exd4 42.Kc1 Re8 43.Bd3 Re6
44.Kd2 a5 45.Rf1 Rf6 46.Bc4 Rf8 47.Rf3 Rf6 48.b3 Rf8 49.Rf2 Rf6 50.Rf1 Rf8
51.Re1 Ng2 52.Re4 Ne3 53.Rxd4 Nf5 54.Rd5 Nxh6 55.Rxa5 Nf5 56.Bd3 Ng3 57.Rb5 h5
58.Rxb4 Kg7 59.a4 Ra8 60.Ke3 Rh8 61.Kf3 h4 62.Kg4 Nh1 63.Rf4 Rh6 64.Kh3  1-0

[Event "Extraliga CZE"]
[Site "Ostrava CZE"]
[Date "2000.02.06"]
[Round "9"]
[White "Antoniewski,R"]
[Black "Jakubiec,A"]
[Result "0-1"]
[WhiteElo "2417"]
[BlackElo "2453"]

1.e4 c5 2.Nf3 Nc6 3.Nc3 e5 4.Bc4 Be7 5.d3 Nf6 6.a4 d6 7.Bg5 Be6 8.Bxf6 Bxf6
9.Nd5 O-O 10.c3 Rc8 11.O-O g6 12.Ne1 Bg7 13.Nc2 Kh8 14.Nce3 f5 15.exf5 Bxf5
16.Nxf5 gxf5 17.f4 Ne7 18.Qf3 Nxd5 19.Bxd5 Rc7 20.Kh1 Re7 21.Qh3 Qe8 22.Qf3 exf4
23.Qxf4 Re5 24.Bxb7 d5 25.c4 d4 26.a5 Qe7 27.a6 Re3 28.Rad1 Be5 29.Qh6 Rf6
30.Qg5 f4 31.Rf2 Qe8 32.b3 Rb6 33.Qf5 Rf6 34.Qg5 Qg6 35.Qxg6 hxg6 36.b4 cxb4
37.c5 Bc7 38.Rb2 Ba5 39.Kg1 Rf5 40.Rc1 Rxd3 41.Be4 Rc3 42.Rd1 Rfxc5 43.Rxd4 Re5
44.Rdxb4 Bxb4 45.Rxb4 Ra5  0-1

[Event "Goodricke Open"]
[Site "Calcutta IND"]
[Date "2000.02.07"]
[Round "2"]
[White "Vaidya,A"]
[Black "Mishra,N"]
[Result "1-0"]
[WhiteElo "2261"]
[BlackElo "2316"]

1.e4 c5 2.Nc3 Nc6 3.Nge2 e6 4.g3 d5 5.d3 d4 6.Nb1 e5 7.Bg2 Bg4 8.f3 Be6 9.f4 f6
10.Nd2 Qd7 11.Nf3 Bd6 12.O-O O-O-O 13.a3 Kb8 14.c4 dxc3 15.bxc3 Bc7 16.fxe5 Nxe5
17.d4 cxd4 18.cxd4 Bc4 19.Nxe5 Bxe5 20.Be3 Bxe2 21.Qxe2 Bxd4 22.Rab1 Ne7
23.e5 Nc6 24.Bxd4 Qxd4+ 25.Kh1 Rc8 26.exf6 gxf6 27.Rfd1 Rhe8 28.Bxc6  1-0

[Event "Petroff Mem Open"]
[Site "St Petersburg RUS"]
[Date "2000.02.07"]
[Round "1"]
[White "Sepman,Y"]
[Black "Beshukov,S"]
[Result "1/2-1/2"]
[WhiteElo "2273"]
[BlackElo "2460"]

1.e4 c5 2.Nf3 Nc6 3.Nc3 e6 4.Bb5 Nge7 5.O-O Nd4 6.Nxd4 cxd4 7.Ne2 Qb6 8.Ba4 Nc6
9.d3 g6 10.c3 Bg7 11.Bxc6 bxc6 12.Nxd4 O-O 13.Ne2 f5 14.Qc2 Ba6 15.exf5 Rxf5
16.Be3 Qc7 17.Rad1 e5 18.Qa4 Bb5 19.Qg4 Re8 20.Ng3 Rf7 21.Rfe1 d5 22.f3 c5
23.c4 Bd7 24.Qh4 e4 25.dxe4 dxc4 26.Re2 Bf6 27.Bg5 Bd4+ 28.Be3 Bf6 29.Bg5 Bd4+
30.Be3  1/2-1/2

[Event "Petroff Mem Open"]
[Site "St Petersburg RUS"]
[Date "2000.02.08"]
[Round "2"]
[White "Lastin,A"]
[Black "Shchukin,D"]
[Result "1-0"]
[WhiteElo "2510"]
[BlackElo "2387"]

1.e4 c5 2.Nf3 Nc6 3.Nc3 Nf6 4.Bb5 Qc7 5.O-O e5 6.d3 Be7 7.Nh4 a6 8.Bxc6 dxc6
9.f4 Bg4 10.Qe1 exf4 11.Bxf4 Qd7 12.Be3 b6 13.a4 a5 14.h3 Be6 15.Rf3 O-O
16.g4 Bd6 17.Nf5 Be5 18.Qf2 Kh8 19.Rf1 Ng8 20.Kh1 f6 21.Ne2 g6 22.Nfg3 Rad8
23.b3 Qe7 24.Kg2 Rf7 25.Bf4 Bc8 26.c3 Rg7 27.d4 Bxf4 28.Nxf4 cxd4 29.cxd4 Qb4
30.d5 c5 31.g5 fxg5 32.Nd3  1-0

[Event "FSIMB February"]
[Site "Budapest HUN"]
[Date "2000.02.10"]
[Round "6"]
[White "Cooke,E"]
[Black "Seres,L"]
[Result "0-1"]
[WhiteElo "2266"]
[BlackElo "2394"]

1.e4 c5 2.Nf3 Nc6 3.Nc3 g6 4.d4 cxd4 5.Nxd4 Bg7 6.Be3 Nf6 7.Bc4 O-O 8.Bb3 a5
9.a3 Ng4 10.Nxc6 Nxe3 11.Nxe7+ Qxe7 12.fxe3 Qh4+ 13.Kd2 Bxc3+ 14.bxc3 Qxe4
15.Qf3 Qe7 16.Raf1 d5 17.Ke2 Be6 18.Rd1 Rac8 19.Rd3 Bf5 20.Kd2 Be4 21.Qf4 Qc5
22.Qe5 Rfd8 23.Rf1 Bxd3 24.cxd3 Qxa3 25.Bxd5 Qb2+ 26.Kd1 Qb1+ 27.Ke2 Qc2+
28.Kf3 Qxd3  0-1

[Event "Petroff Mem Open"]
[Site "St Petersburg RUS"]
[Date "2000.02.10"]
[Round "4"]
[White "Kondenko,A"]
[Black "Slavina,I"]
[Result "1/2-1/2"]
[WhiteElo "2286"]
[BlackElo "2261"]

1.e4 c5 2.Nf3 Nc6 3.Nc3 d6 4.d4 cxd4 5.Nxd4 Nf6 6.Bc4 Qb6 7.Ndb5 a6 8.Be3 Qa5
9.Nd4 Ne5 10.Nb3 Qc7 11.Bd3 g6 12.Bg5 Ned7 13.Qd2 Bg7 14.h4 h6 15.Be3 b5
16.a3 Bb7 17.O-O-O Rc8 18.Kb1 Ng4 19.Bd4 Bxd4 20.Nxd4 Qb6 21.f3 Qxd4 22.fxg4 Qg7
23.h5 g5 24.Ne2 O-O 25.Qe3 Ne5 26.Ng3 e6 27.Qb6 Bc6 28.Be2 Nd7 29.Qd4 Nc5
30.Bf3 Rfd8 31.Rd2 Qxd4 32.Rxd4 Kf8 33.Re1 Ke7 34.Re3 Nd7 35.Ne2 Ne5 36.b3 a5
37.Kb2 Rc7 38.Rd2 Rdc8 39.Nd4 Be8 40.Be2 b4 41.a4 Rc3 42.Rh3 Bc6 43.Rxc3 bxc3+
44.Kxc3 Bxe4+ 45.Kb2 Bxg2 46.Ba6 Ra8 47.Rxg2 Rxa6 48.Ka3 d5 49.c3 Nc6 50.Nb5 f5
51.gxf5 exf5 52.Nc7 Ra7 53.Re2+ Kf7 54.Nxd5 Rd7 55.c4 f4 56.Kb2 Nb4 57.Nb6 Rd6
58.c5 Nd3+ 59.Kc3 Nxc5 60.Nc4 Re6 61.Rb2 f3 62.Kd4 Re2 63.Rb1 Ne6+ 64.Kd5 Nf4+
65.Kd4 f2 66.Rf1 g4 67.Ne5+ Rxe5 68.Rxf2 Rg5 69.Rxf4+ Ke6 70.Ke3 g3 71.Re4+ Kd5
72.Rd4+ Kc5 73.Rc4+ Kb6 74.Rc1 Rxh5 75.Kf3 Rc5 76.Rh1 Rc3+ 77.Kg2 Rxb3 78.Rh5 Rb4
79.Rxh6+ Ka7 80.Rh7+ Kb6 81.Rh6+ Kc7 82.Rh7+ Kb6 83.Rh6+ Ka7 84.Rh7+ Rb7
85.Rxb7+ Kxb7 86.Kxg3 Kc6 87.Kf3 Kc5 88.Ke3 Kb4 89.Kd2 Kxa4 90.Kc2  1/2-1/2

[Event "Goodricke Open"]
[Site "Calcutta IND"]
[Date "2000.02.11"]
[Round "6"]
[White "Gopalakrishna,K"]
[Black "Tania,S"]
[Result "1-0"]
[WhiteElo "2211"]
[BlackElo "2105"]

1.e4 c5 2.Nf3 Nc6 3.Nc3 Nf6 4.Bc4 e6 5.Qe2 d6 6.d3 Be7 7.O-O d5 8.Bb5 O-O
9.Bg5 h6 10.Bd2 Bd7 11.Bxc6 Bxc6 12.Ne5 Be8 13.Rad1 b5 14.Ng4 b4 15.Nb1 Nxg4
16.Qxg4 f5 17.Qg3 Bh4 18.Qh3 Bg5 19.Bxg5 Qxg5 20.f4 Qg6 21.exd5 exd5 22.d4 c4
23.Rde1 Qb6 24.c3 Ba4 25.Re5 bxc3 26.bxc3 Bc2 27.Nd2 Bd3 28.Rfe1 Qb2 29.Qe3 Qxc3
30.Re7 Qa5 31.Qe6+ Kh7 32.Qe5 Rg8 33.Nf3 Be4 34.Rxe4 fxe4 35.Ng5+ hxg5 36.Qf5+ Kh6
37.Qh3+ Kg6 38.Qe6+ Kh7 39.Qf5+ Kh6 40.Qxg5+ Kh7 41.Qh5+  1-0

[Event "FSIMB February"]
[Site "Budapest HUN"]
[Date "2000.02.12"]
[Round "8"]
[White "Sikula,V"]
[Black "Seres,L"]
[Result "0-1"]
[WhiteElo "2346"]
[BlackElo "2394"]

1.e4 c5 2.Nf3 Nc6 3.Nc3 g6 4.d4 cxd4 5.Nxd4 Bg7 6.Be3 Nf6 7.Bc4 O-O 8.f3 Qb6
9.O-O Qxb2 10.Ncb5 Qb4 11.Qe2 Qa5 12.e5 Ne8 13.Nb3 Qd8 14.f4 Nc7 15.Nc3 d6
16.Rad1 Qe8 17.exd6 exd6 18.Nd5 Nxd5 19.Bxd5 Nb4 20.Qf3 Bg4 21.Qxg4 Qxe3+
22.Kh1 Nxd5 23.Rxd5 Rac8 24.f5 Rxc2 25.h4 Rf2 26.Rxf2 Qxf2 27.fxg6 Qe1+ 28.Kh2 Be5+
29.g3 fxg6  0-1

[Event "FSGM February"]
[Site "Budapest HUN"]
[Date "2000.02.12"]
[Round "8"]
[White "Yu Shaoteng"]
[Black "Wang Rui"]
[Result "1/2-1/2"]
[WhiteElo "2535"]
[BlackElo "2496"]

1.e4 c5 2.Nf3 Nc6 3.Nc3 d6 4.d4 cxd4 5.Nxd4 Nf6 6.Be2 e6 7.O-O Be7 8.Be3 O-O
9.f4 Bd7 10.Nb3 Qc7  1/2-1/2

[Event "Blitz Chess Marathon"]
[Site "Dordrecht NED"]
[Date "2000.02.12"]
[Round "12.1"]
[White "Shchekachev,A"]
[Black "Van Wely,L"]
[Result "1-0"]
[WhiteElo "2509"]
[BlackElo "2646"]

1.e4 c5 2.Nc3 Nc6 3.Nf3 g6 4.Bb5 Nd4 5.Ba4 Bg7 6.O-O Qa5 7.Rb1 a6 8.Nxd4 cxd4
9.Nd5 Qxa4 10.Nc7+ Kf8 11.Nxa8 Qc6 12.c4 b6 13.Nxb6 Qxb6 14.b4 Nf6 15.d3 d6
16.a4 Nd7 17.a5 Qb7 18.Ba3 Bf6 19.f4 Kg7 20.b5 Qa8 21.b6 Bb7 22.Qg4 Qc8 23.Qg3 h5
24.Rbe1 h4 25.Qf2 h3 26.g3 Qc6 27.Bb4 Nc5 28.Qf3 e6 29.Kf2 Qa4 30.Bxc5 dxc5
31.Ra1 Qc6 32.Ke2 Be7 33.g4 f5 34.gxf5 exf5 35.Kd2 Qe6 36.Rae1 fxe4 37.Rxe4 Bxe4
38.Qxe4 Qxe4 39.dxe4 Rf8 40.Kd3 Bd6 41.e5 Bxe5 42.Ke4 Bb8 43.Rf3 Rf5 44.Rxh3 Rxf4+
45.Kd5 Rf5+ 46.Kc6 g5 47.Kb7 Be5 48.Kxa6 Rf1 49.Kb5 Ra1 50.a6 Kg6 51.a7 Kf5
52.Rh7 d3 53.Rd7 Bd4 54.Rd5+ Ke4 55.b7 d2 56.b8=Q d1=Q 57.Qe8+ Kd3 58.Qg6+ Kc3
59.Kc6 Kxc4 60.Rxd4+  1-0

[Event "Petroff Mem Open"]
[Site "St Petersburg RUS"]
[Date "2000.02.12"]
[Round "5"]
[White "Manakov,I"]
[Black "Chehlov,A"]
[Result "0-1"]
[WhiteElo "2279"]
[BlackElo "2248"]

1.e4 c5 2.Nc3 Nc6 3.Nge2 g6 4.d4 cxd4 5.Nxd4 Bg7 6.Nb3 Nf6 7.Be2 O-O 8.O-O d6
9.Re1 Be6 10.Bg5 Rc8 11.Bf1 a6 12.Nd5 Bxd5 13.exd5 Ne5 14.c3 Re8 15.h3 Nc4
16.Bxc4 Rxc4 17.Qd3 Rc8 18.Re2 h6 19.Be3 Qd7 20.a4 Qc7 21.Nd2 Qa5 22.c4 Qb4
23.Qa3 Rxc4 24.Nxc4 Qxc4 25.Rc1 Qxe2  0-1

[Event "Petroff Mem Open"]
[Site "St Petersburg RUS"]
[Date "2000.02.12"]
[Round "5"]
[White "Rodin,D"]
[Black "Beshukov,S"]
[Result "0-1"]
[WhiteElo "2343"]
[BlackElo "2460"]

1.e4 c5 2.Nf3 Nc6 3.Nc3 Nf6 4.g3 g6 5.d4 cxd4 6.Nxd4 Bg7 7.Be3 d6 8.h3 O-O
9.Bg2 Bd7 10.O-O Ne5 11.Re1 Qc8 12.Kh2 Nc4 13.Bc1 Qc5 14.f4 Rac8 15.Nb3 Qc7
16.Nd2 Nb6 17.a4 Bc6 18.a5 Nbd7 19.Nb3 e5 20.Be3 b5 21.axb6 axb6 22.Qd3 exf4
23.gxf4 Rfe8 24.Rad1 Bf8 25.Bd4 Nh5 26.Rf1 Nc5 27.Nxc5 bxc5 28.Be3 Qb7 29.Bc1 f5
30.Rde1 Nf6 31.Nd5 Nxe4 32.c4 Bxd5 33.cxd5 Qb4 34.Bxe4 Rxe4 35.Rxe4 Qxe4
36.Qxe4 fxe4 37.f5 Rb8 38.fxg6 hxg6 39.Re1 Rb4 40.Kg3 Rd4 41.Bf4 Kf7 42.Kg4 Be7
43.Re2 Ke8 44.Bg3 Kd7 45.Kf4 Bf6 46.Bf2 Rxd5 47.Rxe4 Bxb2 48.Kg4 Bf6 49.h4 Rf5
50.Bg3 d5 51.Ra4 d4 52.Ra7+ Kc6 53.h5 d3 54.Rc7+ Kb5 55.Rd7 Rg5+ 56.Kf3 Bd4
57.h6 d2 58.Rb7+ Kc4 59.Rb1 Kd3 60.Rd1 Rf5+ 61.Bf4 Be3 62.h7 Rxf4+ 63.Kg3 Rf8  0-1

[Event "ch-NED (qualifier KO)"]
[Site "Rotterdam NED"]
[Date "2000.02.13"]
[Round "2.5"]
[White "Van Mil,J"]
[Black "Lemmers,O"]
[Result "0-1"]
[WhiteElo "2432"]
[BlackElo "2415"]

1.e4 c5 2.Nc3 Nc6 3.Bb5 Nd4 4.Bc4 e6 5.Nf3 Ne7 6.Nxd4 cxd4 7.Ne2 Nc6 8.d3 d5
9.Bb3 dxe4 10.dxe4 e5 11.O-O Bd6 12.f4 exf4 13.Bxf4 Bxf4 14.Nxf4 O-O 15.Qh5 Qd6
16.Rad1 Ne5 17.Nd3 Ng6 18.e5 Qe7 19.Rde1 Be6 20.Re4 Bxb3 21.axb3 Rad8 22.Qg4 Rd5
23.Rfe1 Qe6 24.Rxd4 Qb6 25.c3 Rxd4 26.Qxd4 Qxb3 27.Qxa7 Rd8 28.Qe3 Qb5 29.Nc5 b6
30.Nb7 Rb8 31.Nd6 Qd5 32.Qe4 Qe6 33.Qc4 Qe7 34.Qd4 h6 35.c4 Rd8 36.Qxb6 Nxe5
37.c5 Nf3+ 38.gxf3 Qxe1+ 39.Kg2 Qe2+ 40.Kg3 Qe5+ 41.Kg2 Rd7 42.Qb8+ Kh7 43.Qc8 Qxb2+
44.Kh3 Re7 45.Qf5+ g6 46.Qf4 Qe5 47.Qxe5 Rxe5 48.c6 Rc5 49.Nxf7 Rxc6 50.Ne5 Ra6
51.Kg4 g5 52.Kf5 Ra4 53.Nd3 Rd4 54.Ne5 Rf4+ 55.Ke6 Rh4 56.Ng4 h5 57.Nf6+ Kg6
58.Nd7 Rxh2 59.Ne5+ Kg7 60.Kf5 Rg2 61.f4 h4 62.Nf3 h3  0-1

[Event "Petroff Mem Open"]
[Site "St Petersburg RUS"]
[Date "2000.02.13"]
[Round "6"]
[White "Kupreichik,V"]
[Black "Vaulin,A"]
[Result "0-1"]
[WhiteElo "2480"]
[BlackElo "2540"]

1.e4 c5 2.Nc3 Nc6 3.Nf3 e5 4.Bc4 Be7 5.d3 Nf6 6.Ng5 O-O 7.f4 exf4 8.Bxf4 d5
9.exd5 Nb4 10.O-O Bg4 11.Qd2 Nbxd5 12.Rae1 Nxf4 13.Nxf7 Rxf7 14.Qxf4 Qd7
15.h3 Bh5 16.g4 Bg6 17.g5 Bd6 18.Qf3 Nh5 19.Ne4 Rf8 20.Qg4 Qc7 21.Rxf7 Bxf7
22.Nxd6 Bxc4 23.Qxc4+ Kh8 24.Nf7+ Kg8 25.Nd6+ Kh8 26.Qf7 Qxd6 27.Re8 Qg3+
28.Kf1 Qxh3+ 29.Ke1 Qh4+ 30.Kd1 Qg4+ 31.Kd2 Qxg5+ 32.Kc3 Qf6+ 33.Qxf6 Rxe8
34.Qf7 Nf6 35.Qxb7 h5 36.Qxa7 Re5 37.a4 Kh7 38.a5 h4 39.Qc7 Nd5+ 40.Kc4 Nxc7  0-1

[Event "Petroff Mem Open"]
[Site "St Petersburg RUS"]
[Date "2000.02.13"]
[Round "6"]
[White "Beshukov,S"]
[Black "Rashkovsky,N"]
[Result "1-0"]
[WhiteElo "2460"]
[BlackElo "2523"]

1.e4 c5 2.Nc3 Nc6 3.Nge2 e5 4.Nd5 Be7 5.Nec3 Nf6 6.Bc4 O-O 7.O-O d6 8.d3 Nxd5
9.Nxd5 Bg5 10.Qh5 Bxc1 11.Raxc1 Be6 12.f4 exf4 13.Rxf4 Ne5 14.Rcf1 Ng6 15.Rf5 Ne7
16.R5f4 Ng6 17.Rf5 Ne7 18.R5f3 Ng6 19.g4 Ne5 20.Rh3 h6 21.Nf6+ Qxf6 22.Rxf6 Bxg4
23.Qh4 Bxh3 24.Qg3 Be6 25.Rxh6 Bxc4 26.dxc4 f6 27.Rh3 Rae8 28.Qh4 Kf7 29.Qh5+ Ke7
30.Ra3 Nc6 31.Rg3 g5 32.Qd1 Kd7 33.Qg4+ Kc7 34.Rh3 Re7 35.Qf5 Nd4 36.Qg6 Ne2+
37.Kf1 Nf4 38.Qh6 Rff7 39.Re3 Rh7 40.Qf8 Ref7 41.Qa8 Ne6 42.Rb3 Nd8 43.Qxa7 Re7
44.Qb6+ Kd7 45.Rd3 Re6 46.Qxc5 Rh4 47.Qb5+ Ke7 48.c5 Rf4+ 49.Kg2 Rg4+ 50.Kf2 Rf4+
51.Rf3 Rfxe4 52.cxd6+ Rxd6 53.Rd3 Rxd3 54.cxd3 Rf4+ 55.Ke3 Rh4 56.Qc5+ Kd7
57.Qf8 Rh3+ 58.Ke4 Rh4+ 59.Kf3 Rh3+ 60.Kg2 Rxd3 61.Qxf6 Rd5 62.a4 Nc6 63.Qg7+ Ne7
64.b4 Rf5 65.a5 Rb5 66.Qd4+ Ke6 67.Qc4+ Rd5 68.b5 Kd6 69.Qb4+ Rc5 70.Qa3 Nc8
71.Kg3 Na7 72.Qd3+ Ke5 73.a6 bxa6 74.bxa6 Nc6 75.Qa3  1-0

[Event "FSIMA February"]
[Site "Budapest HUN"]
[Date "2000.02.15"]
[Round "11"]
[White "Resika,N"]
[Black "Khechumyan,G"]
[Result "1-0"]
[WhiteElo "2190"]
[BlackElo "2236"]

1.e4 c5 2.Nf3 Nc6 3.Nc3 g6 4.d4 cxd4 5.Nxd4 Bg7 6.Nb3 Nf6 7.Be2 O-O 8.O-O d6
9.Re1 Be6 10.Bf1 Rc8 11.Nd5 Bxd5 12.exd5 Ne5 13.c3 Nc4 14.Qf3 a5 15.a4 Qb6
16.Bxc4 Rxc4 17.Nd4 Qc5 18.Rxe7 Nxd5 19.Nb3 Qb6 20.Qxd5 Qxb3 21.Bd2 Qxb2
22.Rae1 Rxa4 23.Rxb7 Qc2 24.g3 Be5 25.Bh6 Qf5 26.Bxf8 Kxf8 27.Qb3 Rg4 28.f4 a4
29.Qa2 Rxf4 30.gxf4  1-0